000 00610nam a2200229Ia 4500
003 OSt
005 20221006151512.0
006 a|||||r|||| 00| 0
007 ta
008 221006b |||||||| |||| 00| 0 eng d
020 _c
_7.50
024 _a22,360
037 _cTextual
040 _aEASL
_cEASL
_beng
041 _2eng
_aeng
100 _aKevtek J C
_9659371
245 0 _aPassing of the dragon
_b Story of the shensi revolution and relief expendition
260 _aLondon
_bHodder & Stoughton
_c1913
300 _a311p.
_ccm.
942 _cTEXL
_2CC
999 _c1090446
_d1090446